The Cambridge Introduction to modernist poetry / (رقم التسجيلة. 40398)
[ عرض عادي ]
| 000 -الفاتح | |
|---|---|
| حقل البيانات ثابتة الطول | 02640cam a2200433 a 4500 |
| 001 - رقم الضبط | |
| رقم الضبط | 16902105 |
| 003 - محدد رقم الضبط | |
| رقم الضبط | OSt |
| 005 - وقت وتاريخ اخر تعامل مع التسجيلة | |
| رقم الضبط | 20170803194758.0 |
| 008 - عناصر البيانات ثابتة الطول - معلومات عامة | |
| حقل البيانات ثابتة الطول | 110803s2012 enk b 001 0 eng |
| 010 ## - رقم ضبط مكتبة الكونجرس | |
| رقم ضبط مكتبة الكونجرس | 2011033046 |
| 015 ## - رقم الببليوجرافية الوطنية | |
| رقم الببليوجرافية الوطنية | GBB172049 |
| المصدر | bnb |
| 016 7# - رقم ضبط الوكاله الوطنية للضبط الببليوجرافي | |
| رقم ضبط التسجيلة | 015825827 |
| المصدر | Uk |
| 020 ## - الرقم الدولى المعيارى للكتب | |
| الرقم الدولى المعيارى للكتاب | 9780521764476 (hardback) |
| 020 ## - الرقم الدولى المعيارى للكتب | |
| الرقم الدولى المعيارى للكتاب | 0521764475 (hardback) |
| 020 ## - الرقم الدولى المعيارى للكتب | |
| الرقم الدولى المعيارى للكتاب | 9780521147859 (paperback) |
| 020 ## - الرقم الدولى المعيارى للكتب | |
| الرقم الدولى المعيارى للكتاب | 0521147859 (paperback) |
| 035 ## - رقم ضبط النظام | |
| رقم ضبط النظام | (OCoLC)ocn738338605 |
| 040 ## - مصدر الفهرسة | |
| وكالة الفهرسة الأصلية | DLC |
| وكالة النسخ | DLC |
| وكالة التعديل | BTCTA |
| -- | YDXCP |
| -- | UKMGB |
| -- | C#P |
| -- | BWX |
| -- | PUL |
| -- | COO |
| -- | BDX |
| -- | IUL |
| -- | STF |
| -- | DLC |
| 042 ## - رمز التحقق | |
| رمز التحقق | pcc |
| 050 00 - رقم طلب مكتبة الكونجرس | |
| رقم التصنيف | PN1271 |
| رقم المادة | .H69 2012 |
| 082 00 - رقم تصنيف ديوى العشرى | |
| رقم التصنيف | 821.91209112 |
| رقم الطبعة | 23 |
| رقم المادة | HPC |
| 084 ## - رقم تصنيف آخر | |
| رقم التصنيف | LIT004120 |
| مصدر الرقم | bisacsh |
| 100 1# - المدخل الرئيسى - إسم شخصى | |
| الإسم الشخصى | Howarth, Peter, |
| التواريخ المصاحبة للاسم | 1973- |
| 9 (RLIN) | 58414 |
| 245 14 - بيان العنوان | |
| العنوان | The Cambridge Introduction to modernist poetry / |
| بيان المسئوليه,etc | Peter Howarth. |
| 246 3# - العنوان الموازى | |
| عنوان صحيح/عنوان مختصر | Introduction to modernist poetry |
| 260 ## - PUBLICATION, DISTRIBUTION, ETC. (IMPRINT) | |
| مكان الناشر او الموزع | Cambridge ; |
| -- | New York : |
| اسم الناشر او الموزع | Cambridge University Press, |
| تاريخ النشر أو التوزيع | 2012. |
| 300 ## - الوصف المادى | |
| التعداد | x, 264 p. ; |
| أبعاد الوعاء | 23 cm. |
| 490 1# - بيان السلسلة | |
| عنوان السلسلة | Cambridge introductions to literature |
| 504 ## - تبصرة ببليوجرافية | |
| تبصرة ببليوجرافية,الخ | Includes bibliographical references (p. 223-246) and index. |
| 505 0# - تبصرة محتويات-الفهرس | |
| تبصرة المحتويات المصاغة | 1. Why write like this? -- 2. Ezra Pound -- 3. T. S. Eliot -- 4. W. B. Yeats -- 5. Modernist America: Williams, Stevens, Moore -- 6. Avant-gardism: Mina Loy, Gertrude Stein, H. D. -- 7. Why is it so difficult? -- 8. Inside and outside modernism. |
| 520 ## - التبصرة الخاصة بالتعليق أو التلخيص | |
| ملخص,الخ | "Modernist poems are some of the twentieth-century's major cultural achievements, but they are also hard work to read. This wide-ranging introduction takes readers through modernism's most famous poems and some of its forgotten highlights to show why modernists thought difficulty and disorientation essential for poetry in the modern world. In-depth chapters on Pound, Eliot, Yeats and the American modernists outline how formal experiments take on the new world of mass media, democracies, total war and changing religious belief. Chapters on the avant-gardes and later modernism examine how their styles shift as they try to re-make the community of readers. Howarth explains in a clear and enjoyable way how to approach the forms, politics and cultural strategies of modernist poetry in English"-- |
| 650 #0 - المدخل الاضافى بالموضوع-مصطلح موضوعى | |
| مصطلح موضوعي أو اسم جغرافي كعنصر مدخل | Poetry, Modern |
| التقسيم الفرعي الزمني | 20th century |
| التقسيم الفرعي العام | History and criticism. |
| 9 (RLIN) | 8535 |
| 650 #0 - المدخل الاضافى بالموضوع-مصطلح موضوعى | |
| مصطلح موضوعي أو اسم جغرافي كعنصر مدخل | Modernism (Literature) |
| 9 (RLIN) | 58415 |
| 830 #0 - المدخل الاضافى بالسلسلة -عنوان موحد | |
| عنوان موحد | Cambridge introductions to literature. |
| 9 (RLIN) | 58416 |
| 856 42 - الوصول و الموقع الالكترونى | |
| مواد محددة | Cover image |
| معرف المصدر الموحد | <a href="http://assets.cambridge.org/97805217/64476/cover/9780521764476.jpg">http://assets.cambridge.org/97805217/64476/cover/9780521764476.jpg</a> |
| 906 ## - عنصر بيانات محلى F, LDF (RLIN) | |
| a | 7 |
| b | cbc |
| c | orignew |
| d | 1 |
| e | ecip |
| f | 20 |
| g | y-gencatlg |
| 942 ## - عناصر المدخل الإضافي( كوها) | |
| مصدر التصنيف او مخطط الترفيف | Dewey Decimal Classification |
| Koha [default] item type | كتاب |
| حالة الفقد | نموذج السعر الفعال | حالة تلف | ليس للاعارة | رقم الطلب | تاريخ الاكتساب | الموقع الحالي | الباركود | الفرع الرئيسي | Date last seen | نوع المادة فى نظام كوها | مصدر التصنيف او خطة الترفيف | Total Checkouts | Date last checked out |
|---|---|---|---|---|---|---|---|---|---|---|---|---|---|
| 2017-08-03 | 821.91209112 HPC | 2017-08-03 | المكتبة المركزية بالمجمعة (CL) | 00656080 | المكتبة المركزية بالمجمعة (CL) | 2017-08-03 | كتاب | Dewey Decimal Classification | |||||
| 2017-08-03 | 821.91209112 HPC | 2017-08-03 | المكتبة المركزية بالمجمعة (CL) | 00656081 | المكتبة المركزية بالمجمعة (CL) | 2017-08-03 | كتاب | Dewey Decimal Classification | |||||
| 2017-08-03 | 821.91209112 HPC | 2017-08-03 | المكتبة المركزية بالمجمعة (CL) | 00656082 | المكتبة المركزية بالمجمعة (CL) | 2017-08-03 | كتاب | Dewey Decimal Classification | |||||
| 2017-08-04 | 821.91209112 HPC | 2017-08-04 | قسم الاجراءات الفنية (IC) | 00656473 | قسم الاجراءات الفنية (IC) | 2017-08-04 | كتاب | Dewey Decimal Classification | |||||
| 2017-08-04 | 821.91209112 HPC | 2017-08-04 | قسم الاجراءات الفنية (IC) | 00656474 | قسم الاجراءات الفنية (IC) | 2017-08-04 | كتاب | Dewey Decimal Classification | |||||
| 2017-08-04 | 821.91209112 HPC | 2017-08-04 | كلية الشريعة والقانون - طالبات | 00656471 | كلية الشريعة والقانون - طالبات | 2018-10-08 | كتاب | Dewey Decimal Classification | 1 | 2018-02-06 | |||
| 2017-08-04 | 821.91209112 HPC | 2017-08-04 | كلية الشريعة والقانون - طالبات | 00656472 | كلية الشريعة والقانون - طالبات | 2017-08-04 | كتاب | Dewey Decimal Classification |
